[Event "DEM U12 2019"]
[Site "Willingen GER"]
[Date "2019.06.15"]
[Round "9"]
[White "Foerster-Yialamas, Lucas"]
[Black "Costa, Leonardo"]
[Result "1/2-1/2"]
[Termination "normal"]
[Board "1"]
[WhiteElo "1981"]
[BlackElo "1933"]
[WhiteClock "01:01:23"]
[BlackClock "00:19:49"]
[PlyCount "94"]
[WhiteFideId "30901774"]
[BlackFideId "16213955"]
[EventCountry "GER"]
[EventRounds "9"]
[EventType "swiss"]
[EventDate "2019.06.08"]

1. e4 {[%clk 1:30:59]} 1... g6 {[%clk 1:30:54]} 2. d4 {[%clk 1:30:10]} 2... Bg7
{[%clk 1:30:59]} 3. Nc3 {[%clk 1:29:44]} 3... d6 {[%clk 1:30:39]} 4. Nf3 {
[%clk 1:29:49]} 4... a6 {[%clk 1:30:37]} 5. a4 {[%clk 1:29:37]} 5... b6 { [%clk
1:26:48]} 6. Bc4 {[%clk 1:29:07]} 6... e6 {[%clk 1:24:52]} 7. O-O { [%clk
1:29:11]} 7... Ne7 {[%clk 1:22:54]} 8. Bf4 {[%clk 1:27:20]} 8... O-O { [%clk
1:21:52]} 9. Qd2 {[%clk 1:27:06]} 9... Bb7 {[%clk 1:15:55]} 10. Bh6 { [%clk
1:24:35]} 10... d5 {[%clk 0:57:30]} 11. Bxg7 {[%clk 1:24:43]} 11... Kxg7 {[%clk
0:57:50]} 12. exd5 {[%clk 1:24:51]} 12... Nxd5 {[%clk 0:56:32]} 13. Nxd5 {[%clk
1:24:58]} 13... Bxd5 {[%clk 0:56:29]} 14. Bxd5 {[%clk 1:25:22]} 14... Qxd5
{[%clk 0:56:42]} 15. Qf4 {[%clk 1:25:07]} 15... Nd7 {[%clk 0:43:47]} 16. Rfe1
{[%clk 1:23:55]} 16... Rac8 {[%clk 0:40:18]} 17. Rac1 {[%clk 1:22:47]} 17... b5
{[%clk 0:34:40]} 18. axb5 {[%clk 1:22:54]} 18... axb5 {[%clk 0:34:44]} 19. Ra1
{[%clk 1:22:53]} 19... c5 {[%clk 0:30:43]} 20. c3 {[%clk 1:22:32]} 20... Nf6
{[%clk 0:24:37]} 21. dxc5 {[%clk 1:20:44]} 21... Qxc5 {[%clk 0:24:23] } 22. Qd4
{[%clk 1:20:52]} 22... Rfd8 {[%clk 0:22:12]} 23. Qxc5 {[%clk 1:21:14] } 23...
Rxc5 {[%clk 0:22:39]} 24. Ra7 {[%clk 1:20:52]} 24... Rd7 { [%clk 0:23:02]} 25.
Rxd7 {[%clk 1:21:10]} 25... Nxd7 {[%clk 0:23:27]} 26. Kf1 { [%clk 1:20:23]}
26... Kf6 {[%clk 0:21:38]} 27. Re4 {[%clk 1:19:04]} 27... Nb6 { [%clk 0:18:14]}
28. Ne1 {[%clk 1:14:00]} 28... Rc4 {[%clk 0:16:20]} 29. Re3 { [%clk 1:12:54]}
29... Nd5 {[%clk 0:14:21]} 30. Rf3+ {[%clk 1:12:56]} 30... Ke7 {[%clk 0:14:03]}
31. Nd3 {[%clk 1:12:09]} 31... f6 {[%clk 0:14:22]} 32. Ke2 { [%clk 1:10:00]}
32... e5 {[%clk 0:14:17]} 33. Rh3 {[%clk 1:05:37]} 33... h5 { [%clk 0:13:26]}
34. Kd2 {[%clk 1:04:41]} 34... Ke6 {[%clk 0:11:21]} 35. b4 { [%clk 0:53:30]}
35... Nf4 {[%clk 0:05:11]} 36. Nxf4+ {[%clk 0:53:19]} 36... Rxf4 {[%clk
0:03:58]} 37. Ke2 {[%clk 0:51:10]} 37... Rg4 {[%clk 0:02:39]} 38. Kf1 {[%clk
0:41:19]} 38... e4 {[%clk 0:02:01]} 39. Re3 {[%clk 0:36:52]} 39... Kd5 {[%clk
0:01:50]} 40. h3 {[%clk 0:35:48]} 40... Rf4 {[%clk 0:01:45]} 41. Ke2 {[%clk
0:36:04]} 41... g5 {[%clk 0:00:32]} 42. Ke1 {[%clk 0:32:29]} 42... f5 { [%clk
0:27:51]} 43. Rg3 {[%clk 1:01:00]} 43... g4 {[%clk 0:27:50]} 44. h4 { [%clk
1:01:21]} 44... Kc4 {[%clk 0:25:19]} 45. Ke2 {[%clk 1:01:43]} 45... e3 { [%clk
0:25:11]} 46. Rxe3 {[%clk 1:01:24]} 46... Re4 {[%clk 0:19:49]} 47. Kd2 { [%clk
1:01:23]} 47... Rf4 1/2-1/2

[Event "DEM U12 2019"]
[Site "Willingen GER"]
[Date "2019.06.15"]
[Round "9"]
[White "Bakiev, Diyor"]
[Black "Stork, Christopher"]
[Result "1/2-1/2"]
[Termination "normal"]
[Board "2"]
[WhiteElo "2123"]
[BlackElo "1817"]
[WhiteClock "00:38:58"]
[BlackClock "00:38:05"]
[PlyCount "66"]
[WhiteFideId "16241584"]
[BlackFideId "16215400"]
[EventCountry "GER"]
[EventRounds "9"]
[EventType "swiss"]
[EventDate "2019.06.08"]

1. e4 {[%clk 1:30:57]} 1... e5 {[%clk 1:30:56]} 2. Nf3 {[%clk 1:31:19]} 2...
Nc6 {[%clk 1:31:21]} 3. Bb5 {[%clk 1:31:34]} 3... a6 {[%clk 1:31:34]} 4. Ba4 {
[%clk 1:32:01]} 4... Nf6 {[%clk 1:30:36]} 5. Qe2 {[%clk 1:32:20]} 5... d6 {
[%clk 1:30:18]} 6. O-O {[%clk 1:32:33]} 6... Be7 {[%clk 1:29:52]} 7. c3 { [%clk
1:32:53]} 7... Bd7 {[%clk 1:28:48]} 8. d3 {[%clk 1:32:43]} 8... O-O { [%clk
1:28:58]} 9. Rd1 {[%clk 1:32:23]} 9... h6 {[%clk 1:23:30]} 10. Nbd2 { [%clk
1:30:28]} 10... b5 {[%clk 1:22:17]} 11. Bc2 {[%clk 1:30:51]} 11... Bg4 { [%clk
1:19:58]} 12. h3 {[%clk 1:30:56]} 12... Bh5 {[%clk 1:20:17]} 13. Nf1 { [%clk
1:31:09]} 13... Re8 {[%clk 1:19:10]} 14. g4 {[%clk 1:30:40]} 14... Bg6 { [%clk
1:19:26]} 15. Ng3 {[%clk 1:31:04]} 15... d5 {[%clk 1:14:25]} 16. Kh2 { [%clk
1:30:23]} 16... Bc5 {[%clk 1:12:24]} 17. Rg1 {[%clk 1:29:44]} 17... d4 { [%clk
1:09:16]} 18. a3 {[%clk 1:27:19]} 18... a5 {[%clk 1:08:07]} 19. Nf5 { [%clk
1:26:17]} 19... dxc3 {[%clk 0:58:16]} 20. bxc3 {[%clk 1:26:39]} 20... Qd7
{[%clk 0:51:39]} 21. N3h4 {[%clk 1:21:00]} 21... Bf8 {[%clk 0:50:29]} 22. Qf3 {
[%clk 1:20:56]} 22... Nh7 {[%clk 0:46:19]} 23. Rb1 {[%clk 1:17:23]} 23... Nd8 {
[%clk 0:42:31]} 24. Nxg6 {[%clk 1:14:06]} 24... fxg6 {[%clk 0:42:50]} 25. Nh4 {
[%clk 1:14:08]} 25... g5 {[%clk 0:42:49]} 26. Nf5 {[%clk 1:12:34]} 26... Ne6 {
[%clk 0:41:42]} 27. Bb3 {[%clk 1:12:09]} 27... Kh8 {[%clk 0:41:08]} 28. Bxe6 {
[%clk 1:02:44]} 28... Rxe6 {[%clk 0:40:51]} 29. Bb2 {[%clk 0:59:32]} 29... Nf6
{[%clk 0:40:48]} 30. Rge1 {[%clk 0:58:20]} 30... Rae8 {[%clk 0:41:02]} 31. Re2
{[%clk 0:55:48]} 31... c5 {[%clk 0:40:06]} 32. Rbe1 {[%clk 0:51:13]} 32... Qc6
{[%clk 0:38:41]} 33. Ne3 {[%clk 0:38:58]} 33... Rd8 {[%clk 0:38:05]} 1/2-1/2

[Event "DEM U12 2019"]
[Site "Willingen GER"]
[Date "2019.06.15"]
[Round "9"]
[White "Klühs, Gustaf"]
[Black "Fuchs, Florian"]
[Result "1/2-1/2"]
[Termination "normal"]
[Board "3"]
[WhiteElo "1705"]
[BlackElo "1746"]
[WhiteClock "00:56:10"]
[BlackClock "00:48:25"]
[PlyCount "51"]
[WhiteFideId "16228936"]
[BlackFideId "16213351"]
[EventCountry "GER"]
[EventRounds "9"]
[EventType "swiss"]
[EventDate "2019.06.08"]

1. Nf3 {[%clk 1:30:57]} 1... c5 {[%clk 1:30:53]} 2. g3 {[%clk 1:31:25]} 2...
Nc6 {[%clk 1:31:18]} 3. Bg2 {[%clk 1:31:52]} 3... e5 {[%clk 1:31:39]} 4. d3 {
[%clk 1:32:16]} 4... Nge7 {[%clk 1:30:46]} 5. c4 {[%clk 1:32:20]} 5... d6 {
[%clk 1:30:59]} 6. O-O {[%clk 1:32:42]} 6... g6 {[%clk 1:31:18]} 7. Nc3 { [%clk
1:32:15]} 7... Bg7 {[%clk 1:31:04]} 8. Bd2 {[%clk 1:32:00]} 8... O-O { [%clk
1:30:15]} 9. Rb1 {[%clk 1:31:37]} 9... h6 {[%clk 1:30:02]} 10. a3 { [%clk
1:30:50]} 10... a5 {[%clk 1:29:48]} 11. b3 {[%clk 1:30:03]} 11... Be6 { [%clk
1:29:42]} 12. Nb5 {[%clk 1:29:54]} 12... f5 {[%clk 1:28:27]} 13. Qc1 { [%clk
1:23:27]} 13... Kh7 {[%clk 1:28:39]} 14. b4 {[%clk 1:19:07]} 14... axb4 { [%clk
1:28:35]} 15. axb4 {[%clk 1:19:33]} 15... Qd7 {[%clk 1:26:09]} 16. Ne1 { [%clk
1:16:28]} 16... Rab8 {[%clk 1:18:11]} 17. Nc2 {[%clk 1:15:36]} 17... g5 { [%clk
1:17:13]} 18. f4 {[%clk 1:11:22]} 18... exf4 {[%clk 1:15:40]} 19. gxf4 { [%clk
1:10:44]} 19... g4 {[%clk 1:15:56]} 20. bxc5 {[%clk 1:09:00]} 20... dxc5 {[%clk
1:16:01]} 21. Be3 {[%clk 1:07:43]} 21... b6 {[%clk 1:15:55]} 22. Kh1 { [%clk
1:03:27]} 22... Ng6 {[%clk 1:12:24]} 23. Bf2 {[%clk 1:02:46]} 23... h5 { [%clk
1:12:24]} 24. Rb3 {[%clk 0:55:44]} 24... h4 {[%clk 1:09:04]} 25. Kg1 { [%clk
0:56:10]} 25... Rfe8 {[%clk 0:48:25]} 26. Nc3 1/2-1/2

[Event "DEM U12 2019"]
[Site "Willingen GER"]
[Date "2019.06.15"]
[Round "9"]
[White "Reichmann, Felix"]
[Black "von Mettenheim, Johannes"]
[Result "0-1"]
[Termination "normal"]
[Board "4"]
[WhiteElo "1725"]
[BlackElo "1757"]
[WhiteClock "00:40:44"]
[BlackClock "01:01:51"]
[PlyCount "120"]
[WhiteFideId "16238290"]
[BlackFideId "16244818"]
[EventCountry "GER"]
[EventRounds "9"]
[EventType "swiss"]
[EventDate "2019.06.08"]

1. c4 {[%clk 1:30:57]} 1... b6 {[%clk 1:30:59]} 2. Nf3 {[%clk 1:31:18]} 2...
Bb7 {[%clk 1:31:26]} 3. g3 {[%clk 1:31:30]} 3... Bxf3 {[%clk 1:31:54]} 4. exf3
{[%clk 1:31:55]} 4... c5 {[%clk 1:32:21]} 5. Bg2 {[%clk 1:32:16]} 5... Nc6 {
[%clk 1:32:48]} 6. O-O {[%clk 1:32:22]} 6... g6 {[%clk 1:33:16]} 7. Nc3 { [%clk
1:32:44]} 7... Bg7 {[%clk 1:33:41]} 8. f4 {[%clk 1:32:24]} 8... e6 { [%clk
1:33:53]} 9. b3 {[%clk 1:32:33]} 9... Nge7 {[%clk 1:34:03]} 10. Bb2 { [%clk
1:32:53]} 10... O-O {[%clk 1:34:17]} 11. Rb1 {[%clk 1:32:07]} 11... d5 { [%clk
1:26:32]} 12. d3 {[%clk 1:31:29]} 12... Qd7 {[%clk 1:25:17]} 13. Re1 { [%clk
1:19:54]} 13... Rad8 {[%clk 1:25:11]} 14. a3 {[%clk 1:20:00]} 14... dxc4 {[%clk
1:23:28]} 15. dxc4 {[%clk 1:20:18]} 15... Qxd1 {[%clk 1:22:27]} 16. Nxd1 {[%clk
1:18:21]} 16... Nd4 {[%clk 1:21:05]} 17. Ne3 {[%clk 1:00:20]} 17... Nef5 {[%clk
1:18:32]} 18. Be4 {[%clk 0:55:47]} 18... Rd6 {[%clk 1:15:11]} 19. Nxf5 { [%clk
0:51:45]} 19... gxf5 {[%clk 1:15:30]} 20. Bxd4 {[%clk 0:52:04]} 20... Rxd4
{[%clk 1:15:25]} 21. Bf3 {[%clk 0:52:00]} 21... Rd2 {[%clk 1:14:13]} 22. Red1
{[%clk 0:51:40]} 22... Ra2 {[%clk 1:14:26]} 23. a4 {[%clk 0:52:04]} 23... Bd4
{[%clk 1:14:46]} 24. Rf1 {[%clk 0:52:05]} 24... Rd8 {[%clk 1:12:12]} 25. Rbe1
{[%clk 0:48:30]} 25... Bc3 {[%clk 1:10:20]} 26. Rd1 {[%clk 0:47:04]} 26... Rxd1
{[%clk 1:10:14]} 27. Rxd1 {[%clk 0:46:14]} 27... Bd4 {[%clk 1:10:32]} 28. Rf1
{[%clk 0:46:39]} 28... Rb2 {[%clk 1:10:35]} 29. Bd1 {[%clk 0:47:02]} 29... Kf8
{[%clk 1:09:22]} 30. Kg2 {[%clk 0:46:57]} 30... Ke7 {[%clk 1:09:47]} 31. Kf3
{[%clk 0:46:29]} 31... Kd6 {[%clk 1:10:01]} 32. Kg2 {[%clk 0:46:51]} 32... f6
{[%clk 1:09:56]} 33. Kf3 {[%clk 0:46:33]} 33... Kc7 {[%clk 1:10:24]} 34. Kg2
{[%clk 0:46:22]} 34... Kb7 {[%clk 1:10:47]} 35. Kh3 35... Bxf2 {[%clk 1:10:55]}
36. Kh4 {[%clk 0:46:51]} 36... Bd4 {[%clk 1:11:02]} 37. h3 {[%clk 0:46:53]}
37... Bf2 {[%clk 1:09:23]} 38. Rh1 {[%clk 0:43:05]} 38... Kc7 {[%clk 1:06:01]}
39. Rh2 {[%clk 0:43:05]} 39... e5 {[%clk 0:58:43]} 40. Kh5 {[%clk 0:39:54]}
40... e4 {[%clk 0:59:05]} 41. Kh6 {[%clk 0:40:19]} 41... e3 {[%clk 0:59:34]}
42. Kxh7 {[%clk 0:40:43]} 42... Rb1 {[%clk 0:57:50]} 43. Bf3 {[%clk 0:40:11]}
43... Bxg3 {[%clk 0:57:48]} 44. Rg2 {[%clk 0:40:33]} 44... Bxf4 {[%clk 0:58:09]
} 45. Rg7+ {[%clk 0:40:57]} 45... Kd6 {[%clk 0:58:30]} 46. Rxa7 {[%clk 0:40:47]
} 46... Rf1 {[%clk 0:58:05]} 47. Be2 {[%clk 0:40:37]} 47... Rf2 {[%clk 0:58:22]
} 48. Bd3 {[%clk 0:39:48]} 48... e2 {[%clk 0:58:40]} 49. Bxe2 {[%clk 0:40:13]}
49... Rxe2 {[%clk 0:59:08]} 50. Ra8 {[%clk 0:40:36]} 50... Bg5 {[%clk 0:58:16]}
51. Rd8+ {[%clk 0:40:18]} 51... Kc7 {[%clk 0:58:15]} 52. Rd3 {[%clk 0:40:19]}
52... Re3 {[%clk 0:58:25]} 53. Rxe3 {[%clk 0:39:36]} 53... Bxe3 {[%clk 0:58:54]
} 54. a5 {[%clk 0:40:00]} 54... f4 {[%clk 0:59:13]} 55. a6 {[%clk 0:40:05]}
55... f3 {[%clk 0:59:38]} 56. a7 {[%clk 0:40:33]} 56... Kb7 {[%clk 1:00:07]}
57. b4 {[%clk 0:40:47]} 57... cxb4 {[%clk 1:00:30]} 58. c5 {[%clk 0:40:24]}
58... bxc5 {[%clk 1:00:59]} 59. h4 {[%clk 0:40:30]} 59... f2 {[%clk 1:01:28]}
60. Kg6 {[%clk 0:40:44]} 60... f1=Q {[%clk 1:01:51]} 0-1

[Event "DEM U12 2019"]
[Site "Willingen GER"]
[Date "2019.06.15"]
[Round "9"]
[White "Breitkopf-Lazar, Patrick-Robert"]
[Black "Hagner, Bennet"]
[Result "0-1"]
[Termination "normal"]
[Board "5"]
[WhiteElo "1659"]
[BlackElo "1900"]
[WhiteClock "00:06:01"]
[BlackClock "00:21:41"]
[PlyCount "84"]
[WhiteFideId "16213742"]
[BlackFideId "16224477"]
[EventCountry "GER"]
[EventRounds "9"]
[EventType "swiss"]
[EventDate "2019.06.08"]

1. e4 {[%clk 1:30:59]} 1... e5 {[%clk 1:30:55]} 2. Nf3 {[%clk 1:31:24]} 2...
Nc6 {[%clk 1:31:20]} 3. Bc4 {[%clk 1:31:49]} 3... Bc5 {[%clk 1:31:45]} 4. O-O {
[%clk 1:32:10]} 4... Nf6 {[%clk 1:31:46]} 5. d3 {[%clk 1:30:47]} 5... d6 {
[%clk 1:32:10]} 6. c3 {[%clk 1:30:59]} 6... a5 {[%clk 1:32:11]} 7. d4 { [%clk
1:05:12]} 7... exd4 {[%clk 1:28:59]} 8. cxd4 {[%clk 1:05:31]} 8... Bb6 { [%clk
1:24:50]} 9. h3 {[%clk 1:00:14]} 9... O-O {[%clk 1:23:13]} 10. Nc3 { [%clk
0:56:22]} 10... Nxe4 {[%clk 1:10:08]} 11. Nxe4 {[%clk 0:54:49]} 11... d5 {[%clk
1:10:32]} 12. Bb3 {[%clk 0:41:59]} 12... dxe4 {[%clk 1:08:13]} 13. Ng5 { [%clk
0:40:14]} 13... Bf5 14. Be3 {[%clk 0:29:51]} 14... Bxd4 {[%clk 0:57:31]} 15.
Qc2 {[%clk 0:26:04]} 15... a4 {[%clk 0:53:58]} 16. Bxf7+ {[%clk 0:24:52]} 16...
Kh8 {[%clk 0:42:31]} 17. Ne6 {[%clk 0:19:52]} 17... Bxe6 {[%clk 0:37:06]} 18.
Bxe6 {[%clk 0:20:02]} 18... Qh4 {[%clk 0:30:21]} 19. Bd5 {[%clk 0:16:07]} 19...
a3 {[%clk 0:26:23]} 20. Bxc6 {[%clk 0:15:40]} 20... axb2 {[%clk 0:25:20]} 21.
Rab1 {[%clk 0:13:58]} 21... Bxe3 {[%clk 0:24:12]} 22. Bxb7 {[%clk 0:14:02]}
22... Rxf2 {[%clk 0:22:42]} 23. Rxf2 {[%clk 0:13:55]} 23... Rf8 {[%clk 0:22:39]
} 24. Qe2 {[%clk 0:07:07]} 24... Qxf2+ {[%clk 0:21:05]} 25. Qxf2 { [%clk
0:07:28]} 25... Rxf2 {[%clk 0:21:24]} 26. Kh1 {[%clk 0:07:02]} 26... Bc1 {[%clk
0:19:13]} 27. Bxe4 {[%clk 0:06:23]} 27... c5 {[%clk 0:19:06]} 28. a4 { [%clk
0:06:12]} 28... c4 {[%clk 0:19:27]} 29. a5 {[%clk 0:06:29]} 29... Re2 { [%clk
0:18:45]} 30. Bf3 {[%clk 0:02:32]} 30... Re1+ {[%clk 0:18:45]} 31. Kh2 { [%clk
0:02:32]} 31... Bf4+ {[%clk 0:19:06]} 32. g3 {[%clk 0:02:51]} 32... Rxb1 {[%clk
0:19:29]} 33. Be4 {[%clk 0:02:44]} 33... Ra1 {[%clk 0:19:43]} 34. a6 { [%clk
0:03:09]} 34... Bb8 {[%clk 0:19:36]} 35. h4 {[%clk 0:03:08]} 35... b1=Q { [%clk
0:19:45]} 36. Bxb1 36... Rxb1 {[%clk 0:20:06]} 37. a7 {[%clk 0:03:54]} 37...
Bxa7 {[%clk 0:20:25]} 38. h5 {[%clk 0:04:19]} 38... c3 {[%clk 0:20:44]} 39. h6
{[%clk 0:04:47]} 39... c2 {[%clk 0:21:05]} 40. hxg7+ {[%clk 0:05:08]} 40...
Kxg7 {[%clk 0:21:26]} 41. g4 {[%clk 0:05:34]} 41... c1=Q {[%clk 0:21:41]} 42.
g5 {[%clk 0:06:01]} 42... Rb3 {[%clk 0:21:41]} 0-1

[Event "DEM U12 2019"]
[Site "Willingen GER"]
[Date "2019.06.15"]
[Round "9"]
[White "Guo, Philipp Ziming"]
[Black "Metzdorf, Matteo"]
[Result "1/2-1/2"]
[Termination "normal"]
[Board "6"]
[WhiteElo "1674"]
[BlackElo "1837"]
[WhiteClock "00:40:04"]
[BlackClock "00:13:49"]
[PlyCount "43"]
[WhiteFideId "16245199"]
[BlackFideId "16209869"]
[EventCountry "GER"]
[EventRounds "9"]
[EventType "swiss"]
[EventDate "2019.06.08"]

1. e4 {[%clk 1:30:57]} 1... e6 {[%clk 1:30:55]} 2. d4 {[%clk 1:31:20]} 2... d5
{[%clk 1:31:21]} 3. Nc3 {[%clk 1:31:39]} 3... Nf6 {[%clk 1:31:43]} 4. e5 {
[%clk 1:32:01]} 4... Nfd7 {[%clk 1:32:07]} 5. f4 {[%clk 1:32:25]} 5... c5 {
[%clk 1:32:32]} 6. Nf3 {[%clk 1:32:49]} 6... Nc6 {[%clk 1:32:57]} 7. Be3 {
[%clk 1:33:09]} 7... a6 {[%clk 1:33:07]} 8. Qd2 {[%clk 1:33:05]} 8... b5 {
[%clk 1:33:05]} 9. dxc5 {[%clk 1:32:59]} 9... Bxc5 {[%clk 1:31:48]} 10. Ne2 {
[%clk 1:27:37]} 10... Qb6 {[%clk 1:21:32]} 11. Bxc5 {[%clk 1:25:43]} 11... Nxc5
{[%clk 1:18:18]} 12. Ned4 {[%clk 1:22:52]} 12... O-O {[%clk 1:07:29]} 13. Nxc6
{[%clk 1:16:39]} 13... Qxc6 {[%clk 1:04:40]} 14. Nd4 {[%clk 1:14:24]} 14... Qb6
{[%clk 1:00:04]} 15. Bd3 {[%clk 1:04:28]} 15... Nxd3+ {[%clk 0:47:31]} 16. Qxd3
{[%clk 1:04:37]} 16... Re8 {[%clk 0:46:01]} 17. O-O {[%clk 1:01:28]} 17... Bd7
{[%clk 0:39:15]} 18. Kh1 {[%clk 0:53:54]} 18... Rac8 {[%clk 0:32:35]} 19. a3 {
[%clk 0:46:22]} 19... Rc4 {[%clk 0:29:13]} 20. c3 {[%clk 0:44:17]} 20... a5 {
[%clk 0:24:33]} 21. Nc2 {[%clk 0:40:04]} 21... Rc7 {[%clk 0:13:49]} 22. Rf3
1/2-1/2

[Event "DEM U12 2019"]
[Site "Willingen GER"]
[Date "2019.06.15"]
[Round "9"]
[White "Hänselmann, Hendrik"]
[Black "Amato, Cristiano"]
[Result "1/2-1/2"]
[Termination "normal"]
[Board "8"]
[WhiteElo "1819"]
[BlackElo "1800"]
[WhiteClock "01:02:00"]
[BlackClock "01:14:54"]
[PlyCount "45"]
[WhiteFideId "16232755"]
[BlackFideId "12998460"]
[EventCountry "GER"]
[EventRounds "9"]
[EventType "swiss"]
[EventDate "2019.06.08"]

1. e4 {[%clk 1:30:58]} 1... c5 {[%clk 1:30:56]} 2. Nf3 {[%clk 1:31:24]} 2...
Nc6 {[%clk 1:31:21]} 3. d4 {[%clk 1:31:47]} 3... cxd4 {[%clk 1:31:47]} 4. Nxd4
{[%clk 1:32:13]} 4... Nf6 {[%clk 1:32:11]} 5. Nc3 {[%clk 1:32:33]} 5... e5 {
[%clk 1:32:37]} 6. Ndb5 {[%clk 1:32:50]} 6... h6 {[%clk 1:32:58]} 7. Nd6+ {
[%clk 1:32:03]} 7... Bxd6 {[%clk 1:33:21]} 8. Qxd6 {[%clk 1:32:28]} 8... Qe7 {
[%clk 1:33:43]} 9. Qxe7+ {[%clk 1:32:03]} 9... Kxe7 {[%clk 1:34:06]} 10. f3 {
[%clk 1:30:24]} 10... d6 {[%clk 1:34:17]} 11. Be3 {[%clk 1:30:32]} 11... Be6 {
[%clk 1:34:40]} 12. O-O-O {[%clk 1:30:26]} 12... a6 {[%clk 1:35:01]} 13. Bb6 {
[%clk 1:27:51]} 13... Nd7 {[%clk 1:34:11]} 14. Be3 {[%clk 1:24:43]} 14... Nf6 {
[%clk 1:32:42]} 15. Be2 {[%clk 1:18:58]} 15... Rhc8 {[%clk 1:29:05]} 16. Rd2 {
[%clk 1:16:26]} 16... Na5 {[%clk 1:27:43]} 17. Rhd1 {[%clk 1:14:17]} 17... Rc6
{[%clk 1:26:26]} 18. Nd5+ {[%clk 1:08:39]} 18... Bxd5 {[%clk 1:20:39]} 19. exd5
{[%clk 1:10:49]} 19... Rcc8 {[%clk 1:20:40]} 20. b3 {[%clk 1:10:33]} 20... b5 {
[%clk 1:20:13]} 21. Kb2 {[%clk 1:07:52]} 21... b4 {[%clk 1:15:53]} 22. Rd3 {
[%clk 1:05:09]} 22... Nb7 {[%clk 1:14:54]} 23. Bf2 {[%clk 1:02:00]} 1/2-1/2

[Event "DEM U12 2019"]
[Site "Willingen GER"]
[Date "2019.06.15"]
[Round "9"]
[White "Meuer, David"]
[Black "Deuer, Marius"]
[Result "0-1"]
[Termination "normal"]
[Board "9"]
[WhiteElo "1549"]
[BlackElo "1961"]
[WhiteClock "00:13:55"]
[BlackClock "00:22:23"]
[PlyCount "102"]
[WhiteFideId "16262964"]
[BlackFideId "16236432"]
[EventCountry "GER"]
[EventRounds "9"]
[EventType "swiss"]
[EventDate "2019.06.08"]

1. e4 {[%clk 1:30:57]} 1... e5 {[%clk 1:30:39]} 2. Nf3 {[%clk 1:31:19]} 2...
Nc6 {[%clk 1:31:04]} 3. Nc3 {[%clk 1:31:31]} 3... Nf6 {[%clk 1:31:29]} 4. d4 {
[%clk 1:31:42]} 4... exd4 {[%clk 1:31:50]} 5. Nxd4 {[%clk 1:32:04]} 5... Bb4 {
[%clk 1:32:16]} 6. Nxc6 {[%clk 1:31:43]} 6... bxc6 {[%clk 1:32:09]} 7. Bd3 {
[%clk 1:31:52]} 7... d5 {[%clk 1:32:31]} 8. exd5 {[%clk 1:32:16]} 8... O-O {
[%clk 1:32:54]} 9. O-O {[%clk 1:29:50]} 9... cxd5 {[%clk 1:33:18]} 10. Qf3 {
[%clk 1:28:02]} 10... c6 {[%clk 1:33:03]} 11. Bg5 {[%clk 1:28:07]} 11... Bd6 {
[%clk 1:33:13]} 12. Rae1 {[%clk 1:26:29]} 12... Rb8 {[%clk 1:31:35]} 13. Nd1 {
[%clk 1:19:29]} 13... Be6 {[%clk 1:22:34]} 14. b3 {[%clk 1:07:18]} 14... Be7 {
[%clk 1:05:45]} 15. Ne3 {[%clk 0:57:30]} 15... g6 {[%clk 1:00:42]} 16. c4 {
[%clk 0:51:44]} 16... Rc8 {[%clk 0:53:06]} 17. Rc1 {[%clk 0:46:00]} 17... d4 {
[%clk 0:49:12]} 18. Bxf6 {[%clk 0:37:37]} 18... Bxf6 {[%clk 0:49:18]} 19. Nc2 {
[%clk 0:37:11]} 19... c5 {[%clk 0:46:15]} 20. Ne1 {[%clk 0:33:05]} 20... Bg5 {
[%clk 0:42:37]} 21. Rd1 {[%clk 0:27:58]} 21... Qa5 {[%clk 0:39:07]} 22. Bb1 {
[%clk 0:27:32]} 22... Rfe8 {[%clk 0:36:50]} 23. Qg3 {[%clk 0:21:40]} 23... Bd2
{[%clk 0:33:42]} 24. Nf3 {[%clk 0:20:20]} 24... Bh6 {[%clk 0:31:37]} 25. Qh4 {
[%clk 0:19:08]} 25... Kg7 {[%clk 0:31:00]} 26. g4 {[%clk 0:11:45]} 26... Bf4 {
[%clk 0:28:58]} 27. Ng5 {[%clk 0:10:55]} 27... h6 {[%clk 0:26:51]} 28. Nxe6+ {
[%clk 0:10:44]} 28... fxe6 {[%clk 0:24:02]} 29. Qh3 {[%clk 0:10:43]} 29... Qb6
{[%clk 0:21:09]} 30. Qd3 {[%clk 0:10:00]} 30... e5 {[%clk 0:21:29]} 31. Rfe1 {
[%clk 0:09:56]} 31... Qe6 {[%clk 0:18:27]} 32. h3 {[%clk 0:08:48]} 32... Rf8 {
[%clk 0:15:15]} 33. Qe4 {[%clk 0:06:58]} 33... Rc6 {[%clk 0:13:00]} 34. Kg2 {
[%clk 0:05:20]} 34... Qf6 {[%clk 0:11:19]} 35. Rd3 {[%clk 0:04:40]} 35... Be3 {
[%clk 0:07:58]} 36. Rf1 {[%clk 0:01:14]} 36... Rb6 {[%clk 0:05:47]} 37. Rdd1 {
[%clk 0:00:48]} 37... Bf4 {[%clk 0:04:52]} 38. Rd3 {[%clk 0:00:52]} 38... Qh4 {
[%clk 0:04:29]} 39. Rf3 {[%clk 0:00:35]} 39... Rbf6 {[%clk 0:02:13]} 40. Qb7+ {
[%clk 0:00:34]} 40... R8f7 {[%clk 0:01:41]} 41. Qe4 {[%clk 0:29:31]} 41... Qg5
{[%clk 0:28:05]} 42. Rg1 {[%clk 0:25:54]} 42... Qh4 {[%clk 0:24:00]} 43. a3
43... Be3 {[%clk 0:21:34]} 44. Rxf6 {[%clk 0:18:15]} 44... Rxf6 {[%clk 0:21:27]
} 45. Kh2 {[%clk 0:15:09]} 45... Qxf2+ {[%clk 0:21:26]} 46. Qg2 {[%clk 0:14:52]
} 46... Qf4+ {[%clk 0:21:09]} 47. Kh1 {[%clk 0:14:26]} 47... Bxg1 { [%clk
0:21:30]} 48. Be4 {[%clk 0:13:36]} 48... Qc1 {[%clk 0:21:14]} 49. Bf3 { [%clk
0:13:12]} 49... Be3+ {[%clk 0:21:37]} 50. Kh2 {[%clk 0:13:33]} 50... Bf4+
{[%clk 0:22:04]} 51. Qg3 {[%clk 0:13:55]} 51... Bxg3+ {[%clk 0:22:23]} 0-1